• 首页
  • 本馆介绍
  • 公告通知
  • 最新文献
  • 馆藏检索
  • 电子资源
  • 读者导购
  • 参考咨询
  • 我的图书馆
  • 登录
  • 详细信息显示
  • 放入我的书架
  • 预约/预借图书
  • 作者相关作品
  • 分类相关作品
  • 丛书相关作品
  • 出版社相关作品

书目信息

  • 表格格式
  • 工作单格式
  • 卡片格式
题名:
庄子寓言的认知隐喻研究
    
 
作者: 邓晓凌 , 彭博 , 赵毅 著
分册:  
出版信息: 成都   四川大学出版社  2020.06
页数: 118页
开本: 24cm
丛书名:
单 册:
中图分类: B223.55
科图分类:
主题词: 道家--dao jia
电子资源:
ISBN: 978-7-5690-1910-0
000 01358nam0 2200289 450
001 CAL 0120203031332
005 20230217093111.0
010    @a978-7-5690-1910-0@dCNY39.00
100    @a20200720d2020 em y0chiy0120 ea
101 0  @achi
102    @aCN@b510000
105    @ay a 000yy
106    @ar
200 1  @a庄子寓言的认知隐喻研究@Azhuang zi yu yan de ren zhi yin yu yan jiu@f邓晓凌, 彭博, 赵毅著
210    @a成都@c四川大学出版社@d2020.06
215    @a118页@d24cm
314    @a邓晓凌, 四川大学道教与宗教文化研究所宗教学专业2013级博士研究生, 四川大学外国语学院教师, 研究方向为中国道教、翻译理论与实践。彭博, 四川大学道教与宗教文化研究所宗教学专业2019级博士研究生, 四川大学外国语学院教师, 研究方向为中国道教、口译理论与实践。赵毅, 教育硕士研究生, 成都市武侯实验中学教师, 研究方向为教育与认知, 数学教育。
320    @a有书目
330    @a本书从认知科学的全新角度出发, 基于人类认知的共性, 以认知隐喻理论为方法研究道家哲学经典《庄子》的寓言故事, 通过解析不同的隐喻主旨和载体的意义, 发掘其背后的隐喻性思维和张力, 探讨庄子及其后学是如何以隐喻化解庄子哲学物言与道言的矛盾的。
605    @a庄子@Azhuang zi@x研究
606 0  @a道家@Adao jia
690    @aB223.55@v5
701  0 @a邓晓凌@Adeng xiao ling@4著
701  0 @a彭博@Apeng bo@4著
701  0 @a赵毅@Azhao yi@4著
801  0 @aCN@bBJXHZP@c20230222
905    @b1393299-302@dB223.55@e1036@f4
    
    庄子寓言的认知隐喻研究/邓晓凌, 彭博, 赵毅著.-成都:四川大学出版社,2020.06
    118页;24cm
    
    
    ISBN 978-7-5690-1910-0:CNY39.00
    本书从认知科学的全新角度出发, 基于人类认知的共性, 以认知隐喻理论为方法研究道家哲学经典《庄子》的寓言故事, 通过解析不同的隐喻主旨和载体的意义, 发掘其背后的隐喻性思维和张力, 探讨庄子及其后学是如何以隐喻化解庄子哲学物言与道言的矛盾的。
●
相关链接 在E读中查询图书 在五车中查询图书 在当当中查询图书 在豆瓣中查询图书


正题名:庄子寓言的认知隐喻研究     索取号:B223.55/1036         预约/预借

序号 登录号 条形码 馆藏地/架位号 状态 备注
1 1393299   213932994   第一样本阅览室/ [索取号:B223.55/1036] 在馆    
2 1393300   213933001   第一借阅区/ [索取号:B223.55/1036] 在馆    
3 1393301   213933010   第一借阅区/ [索取号:B223.55/1036] 在馆    
4 1393302   213933029   第一借阅区/ [索取号:B223.55/1036] 在馆    
唐山师范学院图书馆 欢迎您!
大连网信软件有限公司© 版权所有